NAJBARDZIEJ ZNANE MITOLOGIE: - Statystyki

Ogólne statystyki
  • Ten quiz został rozwiązany 204 razy
  • Średni wynik to 4 z 5
Statystyki odpowiedzi
Hint Odpowiedź % Poprawnych
1. GRECKA
99%
2. RZYMSKA
95%
4. NORDYCKA
92%
5. SŁOWIAŃSKA
80%
3. EGIPSKA
63%
Nie znaleziono quizów pasujących do podanych kryteriów
Rozkład punktacji
Procent ludzi z każdym wynikiem
Percentyl według liczby udzielonych odpowiedzi
Twoja historia wyników
Nie rozwiązałeś tego quizu